| 000 | 00548nam a22001817a 4500 | ||
|---|---|---|---|
| 005 | 20251108175948.0 | ||
| 008 | 250721s2012 xx 000 0 ara d | ||
| 082 | 1 | 4 | _a739.2/ألي |
| 100 | 1 | _aاليسون، ساندي | |
| 245 | 1 | 0 | _aفن صناعة الحلي و الاكسسوار / |
| 264 | 1 |
_aالجيزة : _bدار الفاروق، _c2012. |
|
| 300 | _a112ص. | ||
| 490 | 0 | _aالمشروعات الصغيرة | |
| 650 | 1 | 7 | _aالاشغال المعدنية |
| 650 | 1 | 7 | _aالاكسسوارات |
| 942 |
_2ddc _cBK |
||
| 999 |
_c146523 _d146523 |
||